序章 : 開啟福音書的鑰匙 Xu zhang : (Record no. 38074)
[ view plain ]
| 000 -LEADER | |
|---|---|
| fixed length control field | 01548cam a22003497a 4500 |
| 001 - CONTROL NUMBER | |
| control field | 031032 |
| 003 - CONTROL NUMBER IDENTIFIER | |
| control field | OSt |
| 005 - DATE AND TIME OF LATEST TRANSACTION | |
| control field | 20150309164145.0 |
| 008 - FIXED-LENGTH DATA ELEMENTS--GENERAL INFORMATION | |
| fixed length control field | 140117s2005 cc b 000 0 chi d |
| 020 ## - INTERNATIONAL STANDARD BOOK NUMBER | |
| International Standard Book Number | 9624572984 |
| 020 ## - INTERNATIONAL STANDARD BOOK NUMBER | |
| International Standard Book Number | 9789624572988 |
| 040 ## - CATALOGING SOURCE | |
| Transcribing agency | CFT |
| Modifying agency | CWTS |
| 066 ## - CHARACTER SETS PRESENT | |
| Alternate G0 or G1 character set | $1 |
| 100 1# - MAIN ENTRY--PERSONAL NAME | |
| 9 (RLIN) | 5429 |
| Personal name | 何蒙娜 Hooker, Morna Dorothy. |
| 240 10 - UNIFORM TITLE | |
| Uniform title | <a href="Beginnings : keys that open the Gospels.">Beginnings : keys that open the Gospels.</a> |
| Language of a work | Chinese. |
| 245 10 - TITLE STATEMENT | |
| Title | 序章 : 開啟福音書的鑰匙 Xu zhang : |
| Remainder of title | kai qi fu yin shu de yao shi = Beginnings : keys that open the Gospels {ch}/ |
| Statement of responsibility, etc | 何蒙娜著 ; 郭靈飛譯 ; Morna Dorothy Hooker; Lingfei GuoHe Mengna zhu ; Guo Lingfei yi. |
| 260 ## - PUBLICATION, DISTRIBUTION, ETC. (IMPRINT) | |
| Place of publication, distribution, etc | Xianggang : |
| Name of publisher, distributor, etc | Ji dao chu ban she, |
| Date of publication, distribution, etc | 2005. |
| 300 ## - PHYSICAL DESCRIPTION | |
| Extent | 86 pages ; |
| Dimensions | 21 cm. |
| 336 ## - CONTENT TYPE | |
| Source | rdacontent |
| 337 ## - MEDIA TYPE | |
| Source | rdamedia |
| 338 ## - CARRIER TYPE | |
| Source | rdacarrier |
| 490 ## - SERIES STATEMENT | |
| Series statement | 聖經研究叢書 Sheng jing yan jiu cong shu. |
| 500 ## - GENERAL NOTE | |
| General note | Translation of: Beginnings : keys that open the Gospels / Morna D. Hooker ; originally published by SCM Press Ltd. in 1997. |
| 504 ## - BIBLIOGRAPHY, ETC. NOTE | |
| Bibliography, etc | Includes bibliographical references (p. [85]-86). |
| 630 ## - SUBJECT ADDED ENTRY--UNIFORM TITLE | |
| Uniform title | Bible |
| Name of part/section of a work | N.T. |
| -- | Mark I, 1-13 |
| General subdivision | Criticism, interpretation, etc. {ch} |
| 9 (RLIN) | 5430 |
| 630 ## - SUBJECT ADDED ENTRY--UNIFORM TITLE | |
| Uniform title | Bible |
| Name of part/section of a work | N,T. |
| -- | Matthew I-II |
| General subdivision | Criticism, interpretation, etc. {ch} |
| 9 (RLIN) | 5431 |
| 630 ## - SUBJECT ADDED ENTRY--UNIFORM TITLE | |
| Uniform title | Bible |
| Name of part/section of a work | N.T. |
| -- | Luke I-II |
| General subdivision | Criticism, interpretation, etc. {ch} |
| 9 (RLIN) | 5432 |
| 630 ## - SUBJECT ADDED ENTRY--UNIFORM TITLE | |
| Uniform title | Bible |
| Name of part/section of a work | N.T. |
| -- | John I, 1-18 |
| General subdivision | Criticism, interpretation, etc. {ch} |
| 9 (RLIN) | 5433 |
| 630 ## - SUBJECT ADDED ENTRY--UNIFORM TITLE | |
| 9 (RLIN) | 24 |
| Uniform title | Bible. |
| Name of part/section of a work | Gospels |
| General subdivision | Criticism, interpretation, etc. {ch}. |
| 700 ## - ADDED ENTRY--PERSONAL NAME | |
| 9 (RLIN) | 5434 |
| Personal name | Guo, Lingfei. |
| 942 ## - ADDED ENTRY ELEMENTS (KOHA) | |
| Source of classification or shelving scheme | Library of Congress Classification |
| Item type | Books |
| Withdrawn status | Lost status | Source of classification or shelving scheme | Damaged status | Not for loan | Home library | Current library | Shelving location | Date acquired | Source of acquisition | Cost, normal purchase price | Inventory number | Total Checkouts | Full call number | Barcode | Date last seen | Price effective from | Koha item type |
|---|---|---|---|---|---|---|---|---|---|---|---|---|---|---|---|---|---|
| Library of Congress Classification | BSOP Library | BSOP Library | Chinese Books (General Circulation) | 03/09/2015 | 250.00 | C-12992 | BS2555.2 H76b 2005 | 00044892 | 03/09/2015 | 03/09/2015 | Books |
